[Event "White Nights Open 2006"]
[Site "St. Petersburg RUS"]
[Date "2006.06.23"]
[Round "1.26"]
[White "Kuzmin, Yury"]
[Black "Serov, Maksim"]
[Result "1/2-1/2"]
[WhiteElo "2000"]
[BlackElo "2263"]
[PlyCount "75"]
[EventDate "2006.06.22"]
[EventType "swiss"]
[EventRounds "9"]
[EventCountry "RUS"]
[Source "lmi"]
[SourceDate "2006.06.29"]

1. d4 Nf6 2. Nf3 g6 3. Bg5 Bg7 4. Nbd2 d6 5. e4 h6 6. Be3 b6 7. Bd3 e6 8. O-O
Nbd7 9. h3 Bb7 10. Qe2 O-O 11. Ba6 Bxa6 12. Qxa6 c5 13. c3 Qc8 14. Qxc8 Rfxc8
15. Rac1 b5 16. Bf4 d5 17. e5 Ne8 18. b4 cxb4 19. cxb4 Bf8 20. a3 Rxc1 21. Rxc1
a5 22. bxa5 g5 23. Be3 Bxa3 24. Rc6 Rxa5 25. Rc8 Kf8 26. h4 Nb6 27. Rb8 Nc4 28.
Nb3 Ra7 29. Rxb5 Nxe3 30. fxe3 g4 31. Nfd2 Ng7 32. e4 Rd7 33. Rb8+ Ne8 34. Kf2
h5 35. Ke3 Be7 36. g3 dxe4 37. Nc4 Rd8 38. Rxd8 1/2-1/2

[Event "White Nights Open 2006"]
[Site "St. Petersburg RUS"]
[Date "2006.06.23"]
[Round "1.27"]
[White "Nikitinyh, Boris"]
[Black "Korchagina, Viktoria"]
[Result "0-1"]
[WhiteElo "2247"]
[BlackElo "1998"]
[PlyCount "70"]
[EventDate "2006.06.22"]
[EventType "swiss"]
[EventRounds "9"]
[EventCountry "RUS"]
[Source "lmi"]
[SourceDate "2006.06.29"]

1. e4 c5 2. Nf3 d6 3. d4 cxd4 4. Nxd4 Nf6 5. Nc3 a6 6. Be2 e5 7. Nf3 h6 8. O-O
Be6 9. Re1 Be7 10. Be3 O-O 11. h3 Nbd7 12. Nh2 b5 13. Bf3 Nb6 14. Bxb6 Qxb6 15.
Ng4 Nxg4 16. hxg4 Rac8 17. Re2 Rc5 18. Rd2 Rfc8 19. a3 R5c6 20. Be2 Bg5 21. Rd3
a5 22. Nd5 Bxd5 23. Rxd5 Rxc2 24. Rxd6 Qa7 25. Rd7 Qc5 26. b4 axb4 27. axb4
Qxb4 28. Qd5 Rf8 29. Rxf7 Rxf7 30. Ra8+ Kh7 31. Qxf7 Qe1+ 32. Bf1 Rxf2 33. Qg8+
Kg6 34. Qe6+ Rf6 35. Qe8+ Rf7 0-1

[Event "White Nights Open 2006"]
[Site "St. Petersburg RUS"]
[Date "2006.06.23"]
[Round "1.28"]
[White "Zakharov, Yuri"]
[Black "Vunder, Yakov"]
[Result "0-1"]
[WhiteElo "1996"]
[BlackElo "2244"]
[PlyCount "102"]
[EventDate "2006.06.22"]
[EventType "swiss"]
[EventRounds "9"]
[EventCountry "RUS"]
[Source "lmi"]
[SourceDate "2006.06.29"]

1. Nf3 Nf6 2. g3 d5 3. Bg2 c5 4. O-O e6 5. d4 Be7 6. b3 O-O 7. Bb2 Nc6 8. Nbd2
Ne4 9. e3 f5 10. c4 Bf6 11. Ne5 Bxe5 12. dxe5 Qa5 13. Nxe4 dxe4 14. Qc1 Rd8 15.
Bc3 Qc7 16. Qb2 Bd7 17. f3 exf3 18. Bxf3 Ne7 19. Rad1 Bc6 20. Rd6 Bxf3 21. Rxf3
Rxd6 22. exd6 Qxd6 23. Bxg7 Ng6 24. Qf6 Qe7 25. Qxe7 Nxe7 26. Be5 Nc6 27. Bf6
Rf8 28. Bg5 Rf7 29. Rf2 Rd7 30. Kg2 Kg7 31. Re2 h6 32. Bh4 Rd1 33. Kf2 Ne5 34.
e4 Ng6 35. exf5 exf5 36. Kf3 Rd3+ 37. Kg2 Nxh4+ 38. gxh4 Kf6 39. Rb2 b6 40. Rf2
Ke5 41. Re2+ Kf4 42. h3 Rg3+ 43. Kh2 Re3 44. Rd2 Kf3 45. Rg2 Re2 46. Rxe2 Kxe2
47. Kg3 Ke3 48. Kg2 f4 49. Kf1 h5 50. a3 a5 51. a4 f3 0-1

[Event "White Nights Open 2006"]
[Site "St. Petersburg RUS"]
[Date "2006.06.23"]
[Round "1.29"]
[White "Karalkin, Maksim"]
[Black "Belov, Mikhail"]
[Result "1-0"]
[WhiteElo "2228"]
[BlackElo "1994"]
[PlyCount "67"]
[EventDate "2006.06.22"]
[EventType "swiss"]
[EventRounds "9"]
[EventCountry "RUS"]
[Source "lmi"]
[SourceDate "2006.06.29"]

1. e4 c6 2. d4 d5 3. Nc3 h6 4. h3 dxe4 5. Nxe4 Bf5 6. Ng3 Bg6 7. Nf3 Nd7 8. Bc4
e6 9. Qe2 Ngf6 10. O-O Bd6 11. Ne5 Bh7 12. Nxf7 Qe7 13. Nxh8 O-O-O 14. Qxe6
Rxh8 15. Nf5 Qxe6 16. Bxe6 Bc7 17. Ne3 Ne4 18. Bf5 g5 19. Bxh7 Rxh7 20. c4 h5
21. f3 Ng3 22. Rd1 Nf6 23. Nf1 Ne2+ 24. Kf2 Nxc1 25. Raxc1 g4 26. hxg4 hxg4 27.
d5 Bf4 28. Rc2 Rh1 29. dxc6 g3+ 30. Ke2 bxc6 31. Ne3 Rh8 32. Ng4 Re8+ 33. Kf1
Nd7 34. Rxd7 1-0

[Event "White Nights Open 2006"]
[Site "St. Petersburg RUS"]
[Date "2006.06.23"]
[Round "1.30"]
[White "Kudriavtsev, Yury"]
[Black "Barhudarian, Rafael"]
[Result "0-1"]
[WhiteElo "1982"]
[BlackElo "2216"]
[PlyCount "46"]
[EventDate "2006.06.22"]
[EventType "swiss"]
[EventRounds "9"]
[EventCountry "RUS"]
[Source "lmi"]
[SourceDate "2006.06.29"]

1. e4 c5 2. Nf3 g6 3. d4 Bg7 4. Bc4 cxd4 5. Nxd4 Qa5+ 6. c3 Nf6 7. Qe2 d6 8.
O-O O-O 9. h3 a6 10. Nd2 Qc7 11. Bd3 Nbd7 12. f4 e5 13. fxe5 dxe5 14. N4f3 Nh5
15. Qf2 Nf4 16. Bc2 Nf6 17. Nb3 N6h5 18. Kh2 f5 19. exf5 e4 20. g3 Nxh3 21.
Kxh3 Rxf5 22. Kh2 Rxf3 23. Qg2 Rxg3 0-1

[Event "White Nights Open 2006"]
[Site "St. Petersburg RUS"]
[Date "2006.06.23"]
[Round "1.31"]
[White "Egorov, Dmitry"]
[Black "Meiling, Yakov"]
[Result "1-0"]
[WhiteElo "2215"]
[BlackElo "1974"]
[PlyCount "49"]
[EventDate "2006.06.22"]
[EventType "swiss"]
[EventRounds "9"]
[EventCountry "RUS"]
[Source "lmi"]
[SourceDate "2006.06.29"]

1. e4 e6 2. d4 d5 3. Nc3 dxe4 4. Nxe4 Nd7 5. Nf3 Ngf6 6. Nxf6+ Nxf6 7. Bd3 Be7
8. O-O O-O 9. Ne5 b6 10. Nc6 Qd6 11. Qf3 Bd7 12. Nxe7+ Qxe7 13. Bg5 h6 14. Bh4
Rac8 15. Rfe1 c5 16. Ba6 Rc7 17. d5 Bc8 18. d6 Qxd6 19. Bxf6 gxf6 20. Rad1 Qe7
21. Qg3+ Kh8 22. Qf4 Rd8 23. Qxh6+ Kg8 24. Rxd8+ Qxd8 25. Re3 1-0

[Event "White Nights Open 2006"]
[Site "St. Petersburg RUS"]
[Date "2006.06.23"]
[Round "1.32"]
[White "Tukan, Ekaterina"]
[Black "Borisova, Elizaveta"]
[Result "1-0"]
[WhiteElo "1974"]
[BlackElo "2214"]
[PlyCount "95"]
[EventDate "2006.06.22"]
[EventType "swiss"]
[EventRounds "9"]
[EventCountry "RUS"]
[Source "lmi"]
[SourceDate "2006.06.29"]

1. e4 c5 2. Nf3 d6 3. d4 cxd4 4. Nxd4 Nf6 5. Nc3 Nc6 6. Be3 Ng4 7. Qd2 Nxe3 8.
Qxe3 g6 9. Bb5 Bd7 10. Bxc6 bxc6 11. e5 Bg7 12. exd6 e6 13. Nb3 O-O 14. O-O Qh4
15. Rad1 Bh6 16. Qe2 Rad8 17. Rd4 Qf6 18. Ne4 Qe5 19. f4 Qb5 20. c4 Qb6 21. c5
Qb8 22. Nf6+ Kh8 23. f5 Bg7 24. fxg6 fxg6 25. Rdf4 Bc8 26. Nd4 e5 27. Nxc6 Qa8
28. Nxe5 Bf5 29. Rxf5 gxf5 30. Nfd7 Qd5 31. Rd1 Qe6 32. Nxf8 Rxf8 33. d7 Rd8
34. Rd6 Qxe5 35. Qxe5 Bxe5 36. Rd5 Bc7 37. c6 a6 38. Rd3 Rb8 39. Kf1 Kg7 40.
Re3 Rxb2 41. Re8 Rxa2 42. Rc8 Kf7 43. Rxc7 Ke7 44. Ke1 Ra1+ 45. Kd2 Ra2+ 46.
Kc3 Ra1 47. Kb2 Rd1 48. Rc8 1-0

[Event "White Nights Open 2006"]
[Site "St. Petersburg RUS"]
[Date "2006.06.23"]
[Round "1.33"]
[White "Frolochkin, Vladimir"]
[Black "Kopasov, Alexander"]
[Result "1-0"]
[WhiteElo "2200"]
[BlackElo "1959"]
[PlyCount "61"]
[EventDate "2006.06.22"]
[EventType "swiss"]
[EventRounds "9"]
[EventCountry "RUS"]
[Source "lmi"]
[SourceDate "2006.06.29"]

1. e4 c5 2. Nf3 Nf6 3. e5 Nd5 4. Nc3 Nxc3 5. dxc3 e6 6. Bf4 h6 7. Qe2 Nc6 8.
O-O-O b6 9. Kb1 Bb7 10. Nd2 Ne7 11. Ne4 Nf5 12. g4 Nh4 13. Bg3 Ng6 14. f4 Qc7
15. h4 O-O-O 16. h5 Bxe4 17. Qxe4 Ne7 18. Bg2 Nc6 19. f5 Re8 20. Rhe1 f6 21.
fxe6 Rxe6 22. g5 hxg5 23. Bh3 Rxe5 24. Bxe5 Nxe5 25. Qa8+ Qb8 26. Rxe5 Qxa8 27.
Re8+ Kb7 28. Rxd7+ Kc6 29. Rxa8 Rxh5 30. Rc8+ Kb5 31. Bf1+ 1-0

[Event "White Nights Open 2006"]
[Site "St. Petersburg RUS"]
[Date "2006.06.23"]
[Round "1.34"]
[White "Barinova, Valerija"]
[Black "Yankovsky, Roman"]
[Result "0-1"]
[WhiteElo "1957"]
[BlackElo "2199"]
[PlyCount "42"]
[EventDate "2006.06.22"]
[EventType "swiss"]
[EventRounds "9"]
[EventCountry "RUS"]
[Source "lmi"]
[SourceDate "2006.06.29"]

1. e4 c5 2. Nf3 d6 3. d4 cxd4 4. Nxd4 Nf6 5. Nc3 g6 6. Be3 Bg7 7. f3 O-O 8. Qd2
Nc6 9. O-O-O d5 10. Be2 Nxd4 11. Bxd4 dxe4 12. fxe4 Be6 13. Qg5 Qc7 14. Bf3
Rfd8 15. Rhe1 Rac8 16. Kb1 Qc4 17. Be5 Rxd1+ 18. Rxd1 a6 19. Rd4 Qc5 20. h4 h6
21. Bxf6 hxg5 0-1

[Event "White Nights Open 2006"]
[Site "St. Petersburg RUS"]
[Date "2006.06.23"]
[Round "1.35"]
[White "Bystryakova, Elena V"]
[Black "Romanov, Vasily"]
[Result "1/2-1/2"]
[WhiteElo "2191"]
[BlackElo "1952"]
[PlyCount "115"]
[EventDate "2006.06.22"]
[EventType "swiss"]
[EventRounds "9"]
[EventCountry "RUS"]
[Source "lmi"]
[SourceDate "2006.06.29"]

1. d4 d5 2. c4 c6 3. Nf3 Nf6 4. e3 Bf5 5. Nc3 e6 6. Nh4 Bg6 7. Qb3 Qb6 8. Nxg6
hxg6 9. Bd2 Qxb3 10. axb3 Bd6 11. c5 Bc7 12. b4 Nbd7 13. b5 Ke7 14. f4 Ng4 15.
h3 f5 16. bxc6 bxc6 17. Ba6 Rab8 18. b4 Ndf6 19. Ke2 Nh6 20. b5 cxb5 21. Nxb5
Ne4 22. Rhb1 Nxd2 23. Kxd2 Kd7 24. c6+ Kd8 25. Bb7 a5 26. Nxc7 Kxc7 27. Rxa5
Nf7 28. Ra7 Nd6 29. Ba6+ Kxc6 30. Rxb8 Rxb8 31. Rxg7 Rb2+ 32. Ke1 Rxg2 33. Re7
Rg3 34. Rxe6 Rxh3 35. Bf1 Rg3 36. Kf2 Rg4 37. Be2 Rh4 38. Rxg6 Rh2+ 39. Rg2
Ne4+ 40. Kg1 Rh3 41. Rg6+ Kc7 42. Rg7+ Kd6 43. Ba6 Rxe3 44. Bc8 Rf3 45. Rg6+
Kc7 46. Bxf5 Rxf4 47. Be6 Nc3 48. Rg4 Ne2+ 49. Kg2 Rxg4+ 50. Bxg4 Nxd4 51. Kf2
Kd6 52. Ke3 Ke5 53. Bh5 Nc6 54. Kd2 d4 55. Bg6 Kd5 56. Bh7 Kc4 57. Bg8+ Kc5 58.
Bh7 1/2-1/2

[Event "White Nights Open 2006"]
[Site "St. Petersburg RUS"]
[Date "2006.06.23"]
[Round "1.36"]
[White "Nikologorskiy, Konstantin"]
[Black "Nikolaev, Vadim"]
[Result "0-1"]
[WhiteElo "1946"]
[BlackElo "2186"]
[PlyCount "108"]
[EventDate "2006.06.22"]
[EventType "swiss"]
[EventRounds "9"]
[EventCountry "RUS"]
[Source "lmi"]
[SourceDate "2006.06.29"]

1. c4 Nf6 2. Nc3 e6 3. e4 d5 4. e5 d4 5. exf6 dxc3 6. bxc3 Qxf6 7. d4 b6 8. Be2
Bb7 9. Bf3 Bxf3 10. Nxf3 Bd6 11. O-O O-O 12. h3 h6 13. Re1 Nc6 14. Qa4 Na5 15.
c5 Bf4 16. Ba3 Rfd8 17. Rab1 Qf5 18. Bb4 Nc4 19. Qc6 Qd5 20. Qxd5 Rxd5 21. g3
Bg5 22. Nxg5 Rxg5 23. cxb6 cxb6 24. Kg2 Rd5 25. g4 Rd7 26. d5 exd5 27. Be7 f6
28. Bb4 a5 29. Re7 Rad8 30. Rxd7 Rxd7 31. Bxa5 bxa5 32. Rb5 Kf7 33. a4 g5 34.
h4 Ke6 35. Rb8 Ne5 36. Kg3 Rc7 37. Rb6+ Rc6 38. Rxc6+ Nxc6 39. f4 Nd8 40. hxg5
hxg5 41. fxg5 fxg5 42. Kf3 Nb7 43. Ke3 Ke5 44. Kd3 Nc5+ 45. Ke3 Nxa4 46. Kd3
Nc5+ 47. Ke3 a4 48. Kf3 a3 49. Ke3 a2 50. Kd2 a1=Q 51. Kc2 Qa2+ 52. Kd1 Ke4 53.
Ke1 Ke3 54. Kf1 Qf2# 0-1

[Event "White Nights Open 2006"]
[Site "St. Petersburg RUS"]
[Date "2006.06.23"]
[Round "1.37"]
[White "Kosarev, Dmitry"]
[Black "Stroganov, Anatoly"]
[Result "1-0"]
[WhiteElo "2185"]
[BlackElo "1940"]
[PlyCount "143"]
[EventDate "2006.06.22"]
[EventType "swiss"]
[EventRounds "9"]
[EventCountry "RUS"]
[Source "lmi"]
[SourceDate "2006.06.29"]

1. Nf3 Nf6 2. g3 Nc6 3. d4 e6 4. Bg2 d5 5. O-O Bd6 6. c4 O-O 7. Nc3 Bb4 8. Bg5
Bxc3 9. bxc3 h6 10. cxd5 exd5 11. Bc1 Re8 12. Nd2 Na5 13. Re1 Bf5 14. Qa4 c6
15. f3 Bd3 16. e3 b6 17. Qd1 Ba6 18. Ba3 Qc7 19. Rc1 Rad8 20. Qc2 Qd7 21. Bb4
Nc4 22. Nxc4 Bxc4 23. a4 a5 24. Ba3 Qe6 25. Rb1 Rb8 26. Rb2 g6 27. Qb1 b5 28.
Qc2 Kg7 29. Rbb1 Qd7 30. Bc5 bxa4 31. Rxb8 Rxb8 32. Qxa4 Rb5 33. Qa3 Qb7 34.
Bf8+ Kh7 35. Qc1 Qb8 36. Be7 Ng8 37. Bc5 Bd3 38. Qa1 Rb1 39. Rxb1 Qxb1+ 40.
Qxb1 Bxb1 41. Bh3 f5 42. Kf2 Kg7 43. Bf1 Kf7 44. Ke1 Nf6 45. Kd2 g5 46. Kc1 Ba2
47. Kb2 Bc4 48. Bxc4 dxc4 49. h3 g4 50. hxg4 fxg4 51. fxg4 Ne4 52. Bb6 a4 53.
Bc7 a3+ 54. Kxa3 Nxc3 55. Bf4 Nb5+ 56. Kb4 c3 57. Kb3 Kg6 58. Kc2 Kg7 59. Kd3
Kg6 60. e4 Kg7 61. Be5+ Kg6 62. d5 cxd5 63. exd5 Kg5 64. Kc4 Na7 65. Bxc3 Nc8
66. Be5 Kxg4 67. Kc5 h5 68. Bf6 Kxg3 69. Kc6 Na7+ 70. Kb7 Nb5 71. Kb6 Nd6 72.
Be5+ 1-0

[Event "White Nights Open 2006"]
[Site "St. Petersburg RUS"]
[Date "2006.06.23"]
[Round "1.38"]
[White "Gratsianov, Igor"]
[Black "Prelovskij, Rudolf"]
[Result "0-1"]
[WhiteElo "1937"]
[BlackElo "2184"]
[PlyCount "78"]
[EventDate "2006.06.22"]
[EventType "swiss"]
[EventRounds "9"]
[EventCountry "RUS"]
[Source "lmi"]
[SourceDate "2006.06.29"]

1. e4 c5 2. f4 e6 3. Nf3 a6 4. a4 d5 5. e5 Nc6 6. Be2 f6 7. c3 d4 8. d3 Qc7 9.
O-O Nh6 10. Nbd2 Be7 11. Ne4 O-O 12. exf6 gxf6 13. Ng3 Kh8 14. Bd2 Rg8 15. cxd4
cxd4 16. Rc1 Qb6 17. f5 Ng4 18. Nh4 Ne3 19. Qe1 Nxf1 20. Bxf1 e5 21. Ne4 Bd7
22. Kh1 Rad8 23. Be2 Nb4 24. Qd1 Nd5 25. Bh5 Ne3 26. Qf3 Bc6 27. Bf7 Bxe4 28.
dxe4 Rg5 29. Qh3 Bb4 30. Bg6 Ng4 31. Rf1 Bxd2 32. Nf3 Qc7 33. Nxg5 Bxg5 34. Qh5
Nh6 35. h4 Be3 36. g4 Qc6 37. g5 Qxe4+ 38. Kh2 Rc8 39. Rf2 Ng4+ 0-1

[Event "White Nights Open 2006"]
[Site "St. Petersburg RUS"]
[Date "2006.06.23"]
[Round "1.39"]
[White "Bazeev, German"]
[Black "Filatov, Viacheslav"]
[Result "0-1"]
[WhiteElo "2182"]
[BlackElo "1929"]
[PlyCount "80"]
[EventDate "2006.06.22"]
[EventType "swiss"]
[EventRounds "9"]
[EventCountry "RUS"]
[Source "lmi"]
[SourceDate "2006.06.29"]

1. e4 c5 2. Nf3 Nc6 3. c3 Nf6 4. e5 Nd5 5. d4 e6 6. c4 Nde7 7. d5 exd5 8. cxd5
Nb4 9. d6 Nf5 10. Bc4 h6 11. a3 b5 12. Bxf7+ Kxf7 13. axb4 Bb7 14. bxc5 Qe8 15.
O-O g6 16. Nc3 a6 17. Nd5 Rb8 18. Nc7 Qd8 19. Qb3+ Kg7 20. e6 Nxd6 21. cxd6
Bxd6 22. Nd5 dxe6 23. Nf4 Qf6 24. Qxe6 Rhf8 25. Qxf6+ Rxf6 26. Nd4 Be5 27. Nfe2
Rd8 28. Be3 Rfd6 29. Rac1 R8d7 30. Rfd1 Kh7 31. Rc5 Bg7 32. Rdc1 Bd5 33. Rc7
Bc4 34. Rxd7 Rxd7 35. h3 a5 36. b3 Bxe2 37. Nxe2 Rd3 38. Rc7 Kg8 39. Nc1 Rd1+
40. Kh2 Be5+ 0-1

[Event "White Nights Open 2006"]
[Site "St. Petersburg RUS"]
[Date "2006.06.23"]
[Round "1.41"]
[White "Rodkin, Felix"]
[Black "Bazhenova, Dina"]
[Result "1/2-1/2"]
[WhiteElo "2166"]
[BlackElo "1858"]
[PlyCount "103"]
[EventDate "2006.06.22"]
[EventType "swiss"]
[EventRounds "9"]
[EventCountry "RUS"]
[Source "lmi"]
[SourceDate "2006.06.29"]

1. d4 Nf6 2. Nc3 d5 3. Bg5 Bf5 4. Bxf6 exf6 5. e3 Bb4 6. Bd3 Qd7 7. Nge2 O-O 8.
O-O Bxc3 9. Nxc3 Nc6 10. Ne2 Ne7 11. c4 Bxd3 12. Qxd3 c6 13. e4 dxe4 14. Qxe4
Rfe8 15. Rfe1 b5 16. b3 Nf5 17. Qd3 Rad8 18. Rad1 g6 19. Kf1 Re6 20. g4 Nd6 21.
h3 Ree8 22. Ng3 Rxe1+ 23. Rxe1 Nb7 24. Re4 Nc5 25. Qf3 Nxe4 26. Qxe4 bxc4 27.
bxc4 Qe6 28. Qd3 Qd6 29. Ne2 Qd7 30. Qf3 Kg7 31. Kg2 Qe6 32. Qd3 f5 33. g5 Qe4+
34. Qxe4 fxe4 35. Kg3 f5 36. gxf6+ Kxf6 37. Kf4 Re8 38. Ng3 g5+ 39. Ke3 h6 40.
Nxe4+ Kf5 41. f3 h5 42. d5 cxd5 43. cxd5 Ke5 44. d6 Kd5 45. Kd3 Rc8 46. Ke3 Ke6
47. Kd4 Rc2 48. a4 a5 49. Kd3 Rc6 50. Kd4 Rc1 51. Kd3 Rc6 52. Kd4 1/2-1/2

[Event "White Nights Open 2006"]
[Site "St. Petersburg RUS"]
[Date "2006.06.23"]
[Round "1.42"]
[White "Chuvakov, Nikolay"]
[Black "Reshetov, Valery"]
[Result "0-1"]
[WhiteElo "1815"]
[BlackElo "2164"]
[PlyCount "108"]
[EventDate "2006.06.22"]
[EventType "swiss"]
[EventRounds "9"]
[EventCountry "RUS"]
[Source "lmi"]
[SourceDate "2006.06.29"]

1. c4 Nf6 2. Nc3 e5 3. e4 Bc5 4. Be2 O-O 5. d3 c6 6. Nf3 Re8 7. O-O d5 8. Bg5
d4 9. Na4 Bf8 10. b3 Ba3 11. Qc2 b5 12. Nb2 Na6 13. Bd2 Bb4 14. a3 Bxd2 15.
Nxd2 Nc7 16. Rfc1 Ne6 17. a4 Nf4 18. Bf1 b4 19. c5 Qe7 20. Nf3 Bg4 21. Qd1 a5
22. Nc4 Bxf3 23. Qxf3 Qxc5 24. Ne3 Qd6 25. Nf5 Qe6 26. g3 Ng6 27. Rc4 Nd7 28.
Bh3 Qf6 29. Rac1 c5 30. Kg2 Ngf8 31. Qg4 Ra6 32. Nh4 Ne6 33. Rf1 Qh6 34. f4
exf4 35. gxf4 Nf6 36. Qg3 Nh5 37. Nf5 Nexf4+ 38. Kf3 Nxg3 39. Nxh6+ Rxh6 40.
hxg3 Nxd3 41. Kg2 Rxe4 42. Bc8 Re2+ 43. Kg1 Re3 44. Rc2 Rxg3+ 45. Rg2 Rxg2+ 46.
Kxg2 Rg6+ 47. Kh2 Rc6 48. Bf5 Ne5 49. Be4 Rc7 50. Rf5 Re7 51. Bd5 Ng4+ 52. Kg3
Ne3 53. Bxf7+ Rxf7 54. Rxc5 d3 0-1

[Event "White Nights Open 2006"]
[Site "St. Petersburg RUS"]
[Date "2006.06.23"]
[Round "1.43"]
[White "Akatova, Ekaterina"]
[Black "Smirnov, Vladimir G"]
[Result "1-0"]
[WhiteElo "2159"]
[BlackElo "1766"]
[PlyCount "81"]
[EventDate "2006.06.22"]
[EventType "swiss"]
[EventRounds "9"]
[EventCountry "RUS"]
[Source "lmi"]
[SourceDate "2006.06.29"]

1. e4 d5 2. exd5 Nf6 3. d4 Nxd5 4. Be2 g6 5. Nf3 Bg7 6. O-O O-O 7. Re1 Nc6 8.
c3 h6 9. Na3 e6 10. Bf1 b6 11. Nc4 Bb7 12. Nce5 Nce7 13. Bd2 c5 14. dxc5 bxc5
15. Qa4 Qc7 16. Qh4 Rad8 17. Qh3 h5 18. Rad1 f6 19. Qxe6+ Kh7 20. Nd3 Bc8 21.
Qe4 Bf5 22. Qc4 Rc8 23. Nf4 Nb6 24. Qa6 Rfd8 25. Ne6 Bxe6 26. Rxe6 Nf5 27. Rde1
Rd7 28. Bd3 Nh6 29. Nh4 Rcd8 30. Bxg6+ Kh8 31. Bxh6 Bxh6 32. Nf5 Rd1 33. Nxh6
Kg7 34. Nf7 R8d5 35. Bc2 Rxe1+ 36. Rxe1 Kxf7 37. a4 Rd2 38. a5 Rxc2 39. Qd3 Qe5
40. Qh7+ Kf8 41. Qh6+ 1-0

[Event "White Nights Open 2006"]
[Site "St. Petersburg RUS"]
[Date "2006.06.23"]
[Round "1.54"]
[White "Gugnin, Rostislav"]
[Black "Khatenever, Feliks"]
[Result "1-0"]
[WhiteElo "2088"]
[BlackElo "2039"]
[PlyCount "65"]
[EventDate "2006.06.22"]
[EventType "swiss"]
[EventRounds "9"]
[EventCountry "RUS"]
[Source "lmi"]
[SourceDate "2006.06.29"]

1. e4 d5 2. exd5 Nf6 3. Nc3 Nxd5 4. Bc4 Nxc3 5. Qf3 e6 6. dxc3 Bd6 7. Ne2 O-O
8. Qh5 Qf6 9. Bd3 g6 10. Qh6 Nc6 11. Bg5 Qg7 12. Qh4 Re8 13. f4 Be7 14. O-O-O
h5 15. Bxe7 Nxe7 16. h3 Nf5 17. Qf2 h4 18. Bxf5 exf5 19. Qxh4 Be6 20. Rhe1 c5
21. g4 Bc4 22. Ng3 Rxe1 23. Rxe1 fxg4 24. hxg4 Bxa2 25. Ne4 Be6 26. Nf6+ Kf8
27. Rh1 Rc8 28. Qg5 c4 29. Rh7 Rc6 30. Rxg7 Kxg7 31. Qe5 Kf8 32. f5 Bc8 33. g5
1-0

[Event "White Nights Open 2006"]
[Site "St. Petersburg RUS"]
[Date "2006.06.23"]
[Round "1.55"]
[White "Zefirov, Vadim"]
[Black "Kostyuchenko, Vladimir"]
[Result "1/2-1/2"]
[WhiteElo "2086"]
[BlackElo "2138"]
[PlyCount "68"]
[EventDate "2006.06.22"]
[EventType "swiss"]
[EventRounds "9"]
[EventCountry "RUS"]
[Source "lmi"]
[SourceDate "2006.06.29"]

1. e4 c5 2. g3 d5 3. d3 Nc6 4. c3 dxe4 5. dxe4 Qxd1+ 6. Kxd1 Bg4+ 7. f3 Bh5 8.
h4 f6 9. Na3 e5 10. Be3 O-O-O+ 11. Ke1 Bf7 12. Rh2 h5 13. Rd2 Rxd2 14. Kxd2 Be6
15. Bh3 Bxh3 16. Nxh3 Nh6 17. Kd3 Nf7 18. Kc4 Nd6+ 19. Kb3 b6 20. Nf2 Be7 21.
Nc4 Nxc4 22. Kxc4 Rd8 23. Rd1 Na5+ 24. Kb5 Rxd1 25. Nxd1 Kb7 26. Ka4 Ka6 27. b4
b5+ 28. Ka3 Nc4+ 29. Kb3 Kb6 30. Kc2 Nxe3+ 31. Nxe3 Kc6 32. bxc5 Kxc5 33. Kd3
a5 34. Nf5 Bf8 1/2-1/2

[Event "White Nights Open 2006"]
[Site "St. Petersburg RUS"]
[Date "2006.06.24"]
[Round "2.1"]
[White "Vunder, Yakov"]
[Black "Sivokho, Sergey"]
[Result "0-1"]
[WhiteElo "2244"]
[BlackElo "2469"]
[PlyCount "62"]
[EventDate "2006.06.22"]
[EventType "swiss"]
[EventRounds "9"]
[EventCountry "RUS"]
[Source "lmi"]
[SourceDate "2006.06.29"]

1. c4 c5 2. Nc3 Nc6 3. g3 g6 4. Bg2 Bg7 5. d3 e6 6. e4 Nge7 7. Nge2 d6 8. O-O
O-O 9. Rb1 b6 10. a3 Bb7 11. b4 Qd7 12. Be3 Nd4 13. Qd2 Rfe8 14. f4 f5 15. Bf2
Nec6 16. b5 Na5 17. Nxd4 cxd4 18. Ne2 e5 19. fxe5 fxe4 20. dxe4 Rac8 21. Qa2
Kh8 22. Bxd4 dxe5 23. Bc3 Nxc4 24. Rfd1 Qc7 25. Bb4 Bh6 26. Rd3 Ne3 27. Rc1
Qxc1+ 28. Nxc1 Rxc1+ 29. Kf2 Rc2+ 30. Qxc2 Nxc2 31. Rd7 Bc8 0-1

[Event "White Nights Open 2006"]
[Site "St. Petersburg RUS"]
[Date "2006.06.24"]
[Round "2.2"]
[White "Orlov, Vassily"]
[Black "Karalkin, Maksim"]
[Result "1-0"]
[WhiteElo "2450"]
[BlackElo "2228"]
[PlyCount "63"]
[EventDate "2006.06.22"]
[EventType "swiss"]
[EventRounds "9"]
[EventCountry "RUS"]
[Source "lmi"]
[SourceDate "2006.06.29"]

1. e4 e5 2. Nf3 Nc6 3. Bb5 a6 4. Ba4 Nf6 5. Qe2 b5 6. Bb3 Bc5 7. c3 O-O 8. d3
h6 9. Nbd2 Re8 10. h3 d5 11. g4 dxe4 12. Nxe4 Nxe4 13. Qxe4 Bb7 14. Bxh6 Nb4
15. Qxb7 Nxd3+ 16. Kf1 Nxf2 17. Qc6 Qd3+ 18. Kg2 Nxh1 19. Rd1 Qe2+ 20. Kxh1 Bd6
21. Re1 Qd3 22. Be3 Rad8 23. Ng5 Re7 24. Qf3 Qg6 25. Bd5 e4 26. Bxe4 Qf6 27.
Bh7+ Kh8 28. Bf5 Rde8 29. Ne4 Rxe4 30. Bxe4 Qe5 31. Bg1 Re6 32. Qf5 1-0

[Event "White Nights Open 2006"]
[Site "St. Petersburg RUS"]
[Date "2006.06.24"]
[Round "2.3"]
[White "Barhudarian, Rafael"]
[Black "Eliseev, Alexei"]
[Result "0-1"]
[WhiteElo "2216"]
[BlackElo "2425"]
[PlyCount "88"]
[EventDate "2006.06.22"]
[EventType "swiss"]
[EventRounds "9"]
[EventCountry "RUS"]
[Source "lmi"]
[SourceDate "2006.06.29"]

1. e4 g6 2. d4 Bg7 3. Nc3 c6 4. Nf3 d5 5. Bf4 Bg4 6. exd5 cxd5 7. Nb5 Na6 8. h3
Bxf3 9. Qxf3 Nf6 10. Bd3 O-O 11. c3 Qd7 12. O-O Rfc8 13. Rfe1 Nb8 14. a4 Nc6
15. Qe2 a6 16. Na3 e6 17. Nc2 Na5 18. Ne3 Bf8 19. Bg5 Be7 20. Qf3 Qd8 21. h4
Rc7 22. g3 Rac8 23. Kg2 Nc6 24. Bf4 Rd7 25. g4 h5 26. Be5 Nxe5 27. dxe5 hxg4
28. Nxg4 Nxg4 29. Qxg4 Kh8 30. f4 Qb6 31. Re2 Rg8 32. Rg1 Rg7 33. Kf3 d4 34. c4
Qb3 35. Rd2 Bb4 36. Rdd1 Rh7 37. Ke4 Qxa4 38. Kf3 Qb3 39. Ke4 b5 40. h5 bxc4
41. hxg6 Bd2 42. Kf3 Qxd3+ 43. Kf2 Rh2+ 44. Rg2 Qe3+ 0-1

[Event "White Nights Open 2006"]
[Site "St. Petersburg RUS"]
[Date "2006.06.24"]
[Round "2.4"]
[White "Egorov, Dmitry"]
[Black "Nester, Ihor"]
[Result "1-0"]
[WhiteElo "2215"]
[BlackElo "2417"]
[PlyCount "83"]
[EventDate "2006.06.22"]
[EventType "swiss"]
[EventRounds "9"]
[EventCountry "RUS"]
[Source "lmi"]
[SourceDate "2006.06.29"]

1. e4 e5 2. Nf3 Nc6 3. Bc4 Nf6 4. Nc3 Be7 5. O-O O-O 6. d4 d6 7. h3 a6 8. a4
Bd7 9. Re1 Nxd4 10. Nxd4 exd4 11. Qxd4 Bc6 12. Bg5 Nh5 13. Bxe7 Qxe7 14. Bd5
Qg5 15. Qe3 Nf4 16. Qg3 Qxg3 17. fxg3 Ng6 18. b4 Rab8 19. Bxc6 bxc6 20. Reb1 f5
21. b5 axb5 22. axb5 cxb5 23. Ra7 c6 24. Rc7 b4 25. exf5 Ne5 26. Ne4 d5 27. Nc5
Rxf5 28. Ne6 g6 29. Rg7+ Kh8 30. Re7 c5 31. Nxc5 Nc6 32. Rc7 Nd4 33. Re1 Rbf8
34. Ree7 Rf1+ 35. Kh2 R8f2 36. Rxh7+ Kg8 37. Rcg7+ Kf8 38. Nd7+ Ke8 39. Rg8+
Rf8 40. Nxf8 Rxf8 41. Rgg7 Rf2 42. Kg1 1-0